书目信息 |
| 题名: |
游泳救护
|
|
| 作者: | 王抗生 编 | |
| 分册: | ||
| 出版信息: | 北京 人民体育出版社 1978 |
|
| 页数: | 45页 | |
| 开本: | 19cm | |
| 丛书名: | ||
| 单 册: | ||
| 中图分类: | G861.17 | |
| 科图分类: | ||
| 主题词: | 游泳-水上救护 , 水上救护-游泳 | |
| 电子资源: | ||
| ISBN: | 7015.1659 | |
| 000 | 00632nam0 2200241 450 | |
| 001 | 0178005017 | |
| 005 | 20100712215434.0 | |
| 010 | @a7015.1659@dCNY0.13 | |
| 091 | @a7015.1659@d¥0.13 | |
| 100 | @a19950717d1978 em y0chiy0110 ea | |
| 101 | 0 | @achi |
| 102 | @aCN@b110000 | |
| 105 | @ay z 000yy | |
| 106 | @ar | |
| 200 | 1 | @a游泳救护@9You Yong Jiu Hu @f王抗生编 |
| 210 | @a北京@c人民体育出版社@d1978 | |
| 215 | @a45页@d19cm | |
| 606 | 0 | @a游泳-水上救护 |
| 606 | 0 | @a水上救护-游泳 |
| 690 | @aG861.17@v3 | |
| 701 | 0 | @a王抗生@9wang kang sheng@4编 |
| 801 | 0 | @aCN@bAzMarc@c20130904 |
| 905 | @aBZT@dG861.17@e1@f2@sG861.17/1 | |
| 游泳救护/王抗生编.-北京:人民体育出版社,1978 |
| 45页;19cm |
| ISBN 7015.1659:CNY0.13 |
| ● |
| 相关链接 |
|
|
|
正题名:游泳救护
索取号:G861.17/1
 
预约/预借
| 序号 | 登录号 | 条形码 | 馆藏地/架位号 | 状态 | 备注 |
| 1 | 2000116057 | 2000116057 | 旧书回溯/ [索取号:G861.17/1] | 在馆 | |
| 2 | 2000131855 | 2000131855 | 旧书回溯/ [索取号:G861.17/1] | 在馆 |